Logic, methodology and philosophy of science : proceedings of the Fourth International Congress for Logic, Methodology and Philosophy of Science, Bucharest, 1971 /
Guardado en:
| Autores Corporativos: | , , |
|---|---|
| Otros Autores: | |
| Formato: | Libro |
| Idioma: | English French German Russian |
| Publicado: |
Amsterdam : New York :
North-Holland ; American Elsevier,
1973.
|
| Series: | Studies in logic and the foundations of mathematics ;
v. 74 |
| Materias: | |
| Etiquetas: |
Agregar Etiqueta
Sin Etiquetas, Sea el primero en etiquetar este registro!
|
| LEADER | 01603cam a2200325 a 4500 | ||
|---|---|---|---|
| 001 | MAT.inmabb003132 | ||
| 008 | 740620s1973####ne#######b####100#0#eng## | ||
| 005 | 20160523154817.0 | ||
| 245 | 1 | 0 | |a Logic, methodology and philosophy of science : |b proceedings of the Fourth International Congress for Logic, Methodology and Philosophy of Science, Bucharest, 1971 / |c edited by Patrick Suppes ... [et al.]. |
| 260 | |a Amsterdam : |b North-Holland ; |a New York : |b American Elsevier, |c 1973. | ||
| 300 | |a x, 981 p. ; |c 23 cm. | ||
| 440 | 0 | |a Studies in logic and the foundations of mathematics ; |v v. 74 | |
| 500 | |a "Jointly sponsored by the International Union of History and Philosophy of Science and the Academy of the Socialist Republic of Rumania."--Preface. | ||
| 500 | |a Texto en inglés, francés, alemán y ruso. | ||
| 504 | |a Incluye referencias bibliográficas. | ||
| 510 | 4 | |a MR, |c 55 #7657 | |
| 020 | |a 0720422744 (North-Holland) | ||
| 020 | |a 0444104917 (American Elsevier) | ||
| 111 | 2 | |a International Congress for Logic, Methodology, and Philosophy of Science |n (4th : |d 1971 : |c Bucarest, Rumania) | |
| 700 | 1 | |a Suppes, Patrick, |d 1922- |4 edt | |
| 710 | 2 | |a International Union of the History and Philosophy of Science. | |
| 710 | 2 | |a Academia Republicii Socialiste România. | |
| 650 | 0 | |a Logic, Symbolic and mathematical |x Congresses. | |
| 650 | 0 | |a Methodology |x Congresses. | |
| 650 | 0 | |a Science |x Philosophy |x Congresses. | |
| 084 | |a 03-06 (00B25 03A05) |2 msc2000 | ||
| 010 | |a 72088505 | ||
| 040 | |a DLC |c DLC |d DLC | ||
| 041 | 0 | |a eng |a fre |a ger |a rus | |
| 859 | |h 03 |i In61-1971 |p A-4102 |b BIB. MATEMATICA | ||
